Technical , industrial, vocational and entrepreneurship training/craft certificate in water and sanitation engineering: (Record no. 17956)
[ view plain ]
| 000 -LEADER | |
|---|---|
| fixed length control field | 00478nam a22001577a 4500 |
| 003 - CONTROL NUMBER IDENTIFIER | |
| control field | OSt |
| 005 - DATE AND TIME OF LATEST TRANSACTION | |
| control field | 20210618112531.0 |
| 008 - FIXED-LENGTH DATA ELEMENTS--GENERAL INFORMATION | |
| fixed length control field | 210618b ||||| |||| 00| 0 eng d |
| 040 ## - CATALOGING SOURCE | |
| Original cataloging agency | SEKU |
| 050 ## - LIBRARY OF CONGRESS CALL NUMBER | |
| Classification number | TD 155 |
| Item number | .K46 |
| 110 ## - MAIN ENTRY--CORPORATE NAME | |
| Relator code | K.I.E. |
| 245 ## - TITLE STATEMENT | |
| Title | Technical , industrial, vocational and entrepreneurship training/craft certificate in water and sanitation engineering: |
| Remainder of title | syllabus snd regulations |
| 300 ## - PHYSICAL DESCRIPTION | |
| Extent | 262p.: |
| 650 ## - SUBJECT ADDED ENTRY--TOPICAL TERM | |
| Topical term or geographic name as entry element | Sanitation |
| General subdivision | water supply |
| 942 ## - ADDED ENTRY ELEMENTS (KOHA) | |
| Source of classification or shelving scheme | Library of Congress Classification |
| Koha item type | General circulation |
No items available.